000 01624nam a22004217a 4500
001 11274420
003 LIBRIS
005 20210501122630.0
006 m || | |
007 cr c|| |||||
007 cr ||| |||||
008 090112s1986 nyu|||||s|||||000 1|eng|c
020 _a0553212427
020 _a9780553212426
035 _a(CaPaEBR)ebr10137649
040 _aCaPaEBR
_cCaPaEBR
_ea
_beng
041 _aeng
050 1 4 _aPR4620
_b.A2 1986eb
080 _a821.111
_bD-79
100 1 _aDoyle, Arthur Conan,
_cSir,
_d1859-1930.
245 1 0 _aSherlock Holmes / Volume II
_hthe complete novels and stories.
_b/ by: Bantam Books
250 _aBantam classic edition
264 1 _aNew York
_bBantam Books
_c1986
300 _axviii, vol2. 662 p.
365 _b6.95 usd
490 0 _aSherlock Holmes : the complete novels and stories
533 _aElectronic reproduction.
_bPalo Alto, Calif.
_cebrary
_d2008.
_nAvailable via World Wide Web.
_nAccess may be limited to ebrary affiliated libraries.
650 0 _aHolmes, Sherlock (Fictitious character)
_vFiction.
650 0 _aEnglish literature
_9254
653 _aინგლისური ლიტერატურა
655 7 _aElectronic books.
_2local
700 1 _aEstleman, Loren D.
887 _a{"@id":"n600kk402ptwxp7","modified":"2018-10-30T23:00:00+01:00","checksum":"26111753954"}
_2librisxl
887 _a{"@id":"jt2czf7xg3fs4xs7","modified":"2019-08-23T13:50:54.141+02:00","checksum":"37329539082"}
_2librisxl
942 _2udc
_cBK
999 _c1252
_d1252